Breve historia de la gestapo
Conozca la organización más temida del siglo XX: la Geheime Staatspolizei, la Gestapo, la policía secreta oficial del Tercer Reich y su arma de represión desde 1933 hasta su declaración como organización asesina e ilegal en 1945. Descubra cómo su funcionamiento y prácticas brutales impusieron una au...
| Auteur principal: | |
|---|---|
| Format: | Inconnue |
| Langue: | Indeterminado |
| Publié: |
España
España
2016-05-20 11:06:00
|
| Accès en ligne: | Texto completo |
MARC
| LEADER | 00000 a2200000 4500 | ||
|---|---|---|---|
| 001 | ALPHAC_264686 | ||
| 003 | XX-XxUND | ||
| 008 | s2016 xx |||||||||||| ||||und d | ||
| 020 | |a 9788499677538 | ||
| 035 | |a 9788499677538 | ||
| 100 | 1 | |a Vilches, S. |e author | |
| 245 | 1 | |a Breve historia de la gestapo | |
| 260 | |a España |b España |c 2016-05-20 11:06:00 | ||
| 300 | |a 294 | ||
| 520 | |a Conozca la organización más temida del siglo XX: la Geheime Staatspolizei, la Gestapo, la policía secreta oficial del Tercer Reich y su arma de represión desde 1933 hasta su declaración como organización asesina e ilegal en 1945. Descubra cómo su funcionamiento y prácticas brutales impusieron una auténtica cultura de la violencia orientada a desarticular cualquier oposición al nazismo. | ||
| 754 | 1 | |a category |c Ciencias Sociales | |
| 856 | 4 | |u https://alphaeditorialcloud.uam.elogim.com/reader/breve-historia-de-la-gestapo |z Texto completo | |


